Guess the soccerplayer #1 - Statistics

General Stats
  • This quiz has been taken 67 times
  • The average score is 11 of 16
Answer Stats
Picture Answer % Correct
Lionel Messi
100%
Erling Braut Haaland
98%
Neymar
94%
Harry Kane
91%
Antoine Griezmann
89%
Didier Drogba
85%
Diego Maradona
83%
N'Golo Kanté
77%
Luis Diaz
72%
Ronald Araújo
72%
Victor Gyökeres
60%
Ollie Watkins
51%
Mohammed Kudus
49%
Nicolás Otamendi
45%
George Weah
42%
Manuel Locatelli
36%
No matching quizzes found
Score Distribution
Percent of People with Each Score
Percentile by Number Answered
Your Score History
You have not taken this quiz